Practical English handbook
Saved in:
| Main Author: | |
|---|---|
| Format: | Book |
| Language: | Undetermined |
| Published: |
Boston, Massachusetts
Houghton Mifflin
1989
|
| Subjects: | |
| Tags: |
Add Tag
No Tags, Be the first to tag this record!
|
| Institutions: | Trung tâm Học liệu Trường Đại học Cần Thơ |
|---|
| LEADER | 00575nam a2200181Ia 4500 | ||
|---|---|---|---|
| 001 | CTU_40808 | ||
| 008 | 210402s9999 xx 000 0 und d | ||
| 082 | |a 425.076 | ||
| 082 | |b W336 | ||
| 100 | |a Floyd C Watkins | ||
| 245 | 0 | |a Practical English handbook | |
| 245 | 0 | |c Floyd C Watkins, William B Dillingham | |
| 260 | |a Boston, Massachusetts | ||
| 260 | |b Houghton Mifflin | ||
| 260 | |c 1989 | ||
| 650 | |a english grammar - problems, exercises, etc,english grammar - study and teaching | ||
| 904 | |i Minh, 010409 | ||
| 980 | |a Trung tâm Học liệu Trường Đại học Cần Thơ | ||